000 01303nam a2200337Ia 4500
001 ebr10658944
003 CaPaEBR
006 m u
007 cr cn|||||||||
008 100927s2011 nyua sb 001 0 eng d
010 _z 2010037907
020 _z9781617619793 (hardcover)
020 _z9781611224009
040 _aCaPaEBR
_cCaPaEBR
035 _a(OCoLC)726743254
050 1 4 _aQK569.D54
_bD538 2011eb
082 0 4 _a579.8/5
_222
245 0 0 _aDiatoms
_h[electronic resource] :
_becology and life cycle /
_cJames C. Compton, editor.
260 _aNew York :
_bNova Science Publishers,
_cc2011.
300 _axi, [317] p. :
_bill.
490 1 _aEnvironmental science, engineering and technology
504 _aIncludes bibliographical references and index.
533 _aElectronic reproduction.
_bPalo Alto, Calif. :
_cebrary,
_d2013.
_nAvailable via World Wide Web.
_nAccess may be limited to ebrary affiliated libraries.
650 0 _aDiatoms.
650 0 _aAlgae.
655 7 _aElectronic books.
_2local
700 1 _aCompton, James C.
710 2 _aebrary, Inc.
830 0 _aEnvironmental science, engineering and technology series.
856 4 0 _uhttp://site.ebrary.com/lib/rucke/Doc?id=10658944
_zAn electronic book accessible through the World Wide Web; click to view
999 _c177634
_d177634